| 000 | 00857nab a2200253 u 4500 | ||
|---|---|---|---|
| 001 | 16374 | ||
| 003 | HDC | ||
| 007 | cr bn ---aaaaa | ||
| 008 | 210220c20100316bx dr|noo 0 a eng d | ||
| 040 | _aHDC | ||
| 100 |
_aYing, Chia _eauthor _916220 |
||
| 245 | 0 |
_aIndonesia seeks ties on energy, halal with Brunei / by _cYing Chia |
|
| 260 |
_a[No place] : _b[publisher not identified], _c2010 |
||
| 336 |
_atext _2rdacontent |
||
| 337 |
_acomputer _2rdamedia |
||
| 338 |
_aonline resource _2rdacarrier |
||
| 650 |
_ahalal industry _9144 |
||
| 650 |
_ahalal ties _zIndonesia _zBrunei _916221 |
||
| 710 | _aBrunei Times | ||
| 856 | _zRequest full-text at [email protected] | ||
| 942 | _2lcc | ||
| 942 | _cNEWS | ||
| 942 | _kNWSO 005694 | ||
| 999 |
_c13690 _d13690 |
||